000 00225nam a2200097Ia 4500
008 220204s9999 xx 000 0 und d
082 _a82-3
_bJOH
100 _aJohns, W E
245 0 _aBiggles and the black raider
942 _cBK
999 _c32903
_d32903